000 00365cam a22001217a 4500
008 180718b-- xxu||||| |||| 00| 0 eng d
082 _aB71103x5452 A
100 _aTamil Nadu. Law Department
245 _aThe Tamil Nadu panchayats act
260 _aMadras
_bThe author
_c--
500 _aLibrary has 1958, 1994
650 _aPanchayat - Legislation - India - Tamil Nadu
999 _c485340
_d485340